| 000 | 00929nam a2200277 a 4500 | ||
|---|---|---|---|
| 001 | 59448 | ||
| 003 | BD-RjUL | ||
| 005 | 20211209080731.0 | ||
| 008 | 161224s1950 mau b 001 0 eng d | ||
| 035 | _a(BD-RjUL)59572 | ||
| 040 |
_aBD-RjUL _cBD-RjUL _dBD-RjUL _beng |
||
| 041 | _aeng | ||
| 082 |
_a336.2 _223 _bDEC 1950 |
||
| 100 | 1 |
_aDennett, Daniel C. _q(Daniel Clement), _d1910-1947 _9176804 |
|
| 245 | 1 | 0 |
_aConversion and the poll tax in early Islam / _cDaniel Clement Dennett |
| 260 |
_aCambridge : _bHarvard University Press, _c1950 |
||
| 300 |
_axi, 136 p. _c21 cm |
||
| 490 | 1 |
_aHarvard historical monographs ; _v22 |
|
| 504 | _aBibliography: p. [129]-132 and index | ||
| 650 | 0 |
_aTaxation _zIslamic Empire _9176805 |
|
| 650 | 0 |
_aTaxation _zIraq _9176806 |
|
| 650 | 0 |
_aPoll tax _zIslamic Empire _9176807 |
|
| 650 | 0 |
_aMuslim converts _9176808 |
|
| 830 | 0 |
_aHarvard historical monographs ; _v22. _9176810 |
|
| 942 |
_2ddc _cBK |
||
| 999 |
_c59448 _d59448 |
||